|
|
|
|
| LEADER |
01373nam a2200265 a 4500 |
| 001 |
12485099 |
| 008 |
111003s2001 ii b 001 0 eng d |
| 010 |
|
|
|a 2001293434
|
| 020 |
|
|
|a 0195656237
|
| 040 |
|
|
|a DLC
|c DLC
|d DLC
|d BD-DhAAL
|
| 082 |
0 |
0 |
|a 174.4
|2 21
|
| 100 |
1 |
|
|a Chakraborty, S. K.
|
| 245 |
1 |
4 |
|a The management and ethics omnibus /
|c S.K. Chakraborty.
|
| 260 |
|
|
|a New Delhi ;
|a New York :
|b Oxford University Press,
|c 2001.
|
| 300 |
|
|
|a 1 v. (various pagings) ;
|c 22 cm.
|
| 504 |
|
|
|a Includes bibliographical references and indexes.
|
| 505 |
0 |
|
|a Management by values -- Ethics in management -- Values and ethics for organizations.
|
| 541 |
1 |
|
|e 00023659
|
| 650 |
|
0 |
|a Business ethics.
|
| 650 |
|
0 |
|a Management
|x Moral and ethical aspects.
|
| 852 |
4 |
|
|a Ayesha Abed Library
|c General shelf
|
| 999 |
|
|
|c 11298
|d 11298
|
| 952 |
|
|
|0 0
|1 0
|4 0
|6 174_400000000000000_CHA
|7 0
|9 18331
|a BRACUL
|b BRACUL
|c GEN
|d 2011-10-03
|e Book Web
|g 1011.50
|l 1
|m 6
|o 174.4 CHA
|p 3010023659
|r 2017-05-11
|s 2017-02-16
|t 1
|w 2011-10-03
|y BK
|x Available
|
| 952 |
|
|
|0 0
|1 0
|4 0
|6 174_400000000000000_CHA
|7 0
|9 18332
|a BRACUL
|b BRACUL
|c GEN
|d 2011-10-03
|e Book Web
|g 1011.50
|l 0
|o 174.4 CHA
|p 3010023660
|r 2011-10-03
|t 2
|w 2011-10-03
|y BK
|x Available
|
| 952 |
|
|
|0 0
|1 0
|4 0
|6 174_400000000000000_CHA
|7 0
|9 18333
|a BRACUL
|b BRACUL
|c GEN
|d 2011-10-03
|e Book Web
|g 1011.50
|l 1
|o 174.4 CHA
|p 3010023661
|r 2011-12-19
|s 2011-10-04
|t 3
|w 2011-10-03
|y BK
|x Available
|